Localização Dos Países - Statistics

Estatísticas Gerais
  • Esse quiz foi jogado 322 vezes
  • A pontuação média é 10 de 15
Respostas no mapa
Respostas codificadas por cores de uma escala verde-vermelha no mapa do quiz de acordo com a % correta abaixo.
 
Estatísticas das Respostas
Resposta % Correto
Cazaquistão
79%
Coreia do norte
79%
Franca
76%
Índia
76%
Venezuela
73%
Honduras
71%
Papua nova guine
70%
Eslovaquia
67%
Croacia
66%
Gana
66%
Palau
66%
Chade
65%
Tunísia
65%
Tajiquistao
64%
Kosovo
55%
Nenhum quiz correspondente encontrado
Distribuição das Pontuações
Porcentagem de Pessoas com Cada Pontuação
Percentil de Números Respondidos
Sua Pontuação Histórica
Você não jogou esse quiz